=LDR 00000nam 2200000 4500 =001 INLIS000000000019112 =005 20130612114220 =008 ***********************************Ind** =035 ##$$0010-061300000019112 =041 ##$$a Ind =082 ##$$a 823 =090 ##$$a 823, Far q =100 ##$$a Farlow, Victoria =245 ##$$a Queen she, Victoria she =260 ##$$a 1963 $b London =300 ##$$a 224 hlm, 32 cm =650 ##$$a Fiksi Inggris =850 ##$$a NBPNMAT